Verificación y fiscalización D.G.I. (Registro nro. 1874)

Detalles MARC
000 -LEADER
fixed length control field 00850 a2200229 4500
001 - CONTROL NUMBER
control field 29449
005 - DATE AND TIME OF LATEST TRANSACTION
control field 20260407155604.0
008 - FIXED-LENGTH DATA ELEMENTS--GENERAL INFORMATION
fixed length control field 260407a1995 arg spa d
003 - CONTROL NUMBER IDENTIFIER
control field AR-UNSa-BCEJYS
040 ## - CATALOGING SOURCE
Original cataloging agency AR-UNSa-BCEJYS
Language of cataloging spa
Transcribing agency AR-UNSa-BCEJYS
080 ## - UNIVERSAL DECIMAL CLASSIFICATION NUMBER
Universal Decimal Classification number 336.225
Common auxiliary subdivision Método de tributación y administración de impuestos
020 ## - INTERNATIONAL STANDARD BOOK NUMBER
International Standard Book Number 950-811-023-6
041 ## - LANGUAGE CODE
Language code of text/sound track or separate title spa
100 1# - MAIN ENTRY--PERSONAL NAME
Personal name Rofrano, Omar Angel
245 10 - TITLE STATEMENT
Title Verificación y fiscalización D.G.I.
264 #1 - PRODUCTION, PUBLICATION, DISTRIBUTION, MANUFACTURE, AND COPYRIGHT NOTICE
Place of production, publication, distribution, manufacture Buenos Aires :
Name of producer, publisher, distributor, manufacturer Ediciones Nueva Técnica
Date of production, publication, distribution, manufacture, or copyright notice 1995
300 ## - PHYSICAL DESCRIPTION
Extent 88 p.
Dimensions 28 cm.
505 ## - FORMATTED CONTENTS NOTE
Formatted contents note 1. Verificación y fiscalización - 2. Régimen de fiscalización para determinados contribuyentes - 3. Regímenes de presentación espontánea y de facilidades de pago. Decreto 316/95
590 ## - LOCAL NOTE (RLIN)
Local note niveau_biblio:m niveau_hierar:0
700 1# - ADDED ENTRY--PERSONAL NAME
Personal name Gomez, Oscar Daniel
942 ## - ADDED ENTRY ELEMENTS (KOHA)
Koha item type
Existencias
Withdrawn status Lost status Damaged status Not for loan Home library Current library Shelving location Date acquired Total checkouts Full call number Barcode Date last seen Price effective from Koha item type
        Biblioteca Prof. Eusebio Cleto del Rey Biblioteca Prof. Eusebio Cleto del Rey   07/04/2026   336.225 C392c v.7 L70392 07/04/2026 07/04/2026 Libro
        Biblioteca Prof. Eusebio Cleto del Rey Biblioteca Prof. Eusebio Cleto del Rey   07/04/2026   336.225 C392c v.7 L70393 07/04/2026 07/04/2026 Libro